Romani Languages - Statistics

General Stats
  • This quiz has been taken 11 times
  • The average score is 4 of 7
Answer Stats
Answer % Correct
Balkan Romani
86%
Baltic Romani
71%
Sinte Romani
71%
Carpathian Romani
43%
Kalo Finnish Romani
43%
Vlax Romani
43%
Welsh Romani
29%
No matching quizzes found
Score Distribution
Percent of People with Each Score
Percentile by Number Answered
Your Score History
You have not taken this quiz